000 00267nam a2200121Ia 4500
008 231129s9999||||xx |||||||||||||| ||spa||
040 _bspa
082 _aI823 W519h
100 _aWest Morris
245 0 _aHija del Silencio
264 _aPomaire
942 _2ddc
_cBKS
999 _c15016
_d15016